Annonaceae na Serra Negra, Minas Gerais, Brasil (Registro n. 329748)
[ somente texto ]
| 000 -LÍDER | |
|---|---|
| fixed length control field | 02154nab a2200253 i 4500 |
| 003 - CÓDIGO MARC DA AGÊNCIA CATALOGADORA | |
| Campo de controle | BR-BrBNA |
| 005 - DATA E HORA DA ÚLTIMA ATUALIZAÇÃO | |
| Campo de controle | 20250130140500.0 |
| 008 - CAMPO DE TAMANHO FIXO | |
| fixed length control field | 250130b2012 bl.qr|pooa||| 00| 0 por | |
| 040 ## - FONTE DA CATALOGAÇÃO | |
| Agência catalogadora | BR-BrBNA |
| Idioma da catalogação | por |
| 072 ## - CATEGORIA AGRIS | |
| Código AGRIS | F70 |
| 100 ## - ENTRADA PRINCIPAL - NOME PESSOAL | |
| Nome pessoal | Dutra, Saulo Moreira |
| 100 ## - ENTRADA PRINCIPAL - NOME PESSOAL | |
| Nome pessoal | Salimena, Fátima Regina Gonçalves |
| 100 ## - ENTRADA PRINCIPAL - NOME PESSOAL | |
| Nome pessoal | Menini Neto, Luiz |
| 245 ## - TÍTULO PRINCIPAL | |
| Título principal | Annonaceae na Serra Negra, Minas Gerais, Brasil |
| 500 ## - NOTA GERAL | |
| Nota geral | Publicação on-line; 26 ref.; 1 illus.; Summaries (En, Pt) |
| 942 ## - ADDED ENTRY ELEMENTS (KOHA) | |
| Koha item type | Analítica |
| 520 ## - NOTA DE RESUMO | |
| Nota de conteúdo | <br/>Resumo<br/><br/>Apresenta-se o estudo taxonômico de Annonaceae na Serra Negra, a qual abrange os municípios de Rio Preto,<br/>Olaria, Santa Bárbara do Monte Verde e Lima Duarte no estado de Minas Gerais. Foram registradas sete<br/>espécies pertencentes a três gêneros: Annona dolabripetala, A. mucosa, A. sylvatica, Guatteria australis, <br/>G. pohliana, G. sellowiana e Xylopia brasiliensis. São apresentadas chave de identificação, descrições, ilustrações,<br/>comentários taxonômicos, ecológicos e de distribuição geográfica para as espécies.<br/><br/>Palavras-chaves: Annona, Guatteria, Serra da Mantiqueira, Xylopia.<br/><br/><br/><br/>Abstract<br/><br/>The taxonomic study of Annonaceae in Serra Negra is presented, which covers the municipalities of Rio Preto,<br/>Olaria, Santa Bárbara do Monte Verde and Lima Duarte in Minas Gerais state. Seven species belonging to three<br/>genera has been registered: Annona dolabripetala, A. mucosa, A. sylvatica, Guatteria australis, G. pohliana<br/>G. sellowiana and Xylopia brasiliensis. A key for identification as well as descriptions, illustrations, and<br/>comments about of the species taxonomy, ecology and geographic distribution are presented.<br/><br/>Key words: Annona, Guatteria, Serra da Mantiqueira, Xylopia. |
| 650 ## - ASSUNTO - THESAGRO | |
| Cabeçalho tópico ou nome geográfico | ANNONACEAE |
| 650 ## - ASSUNTO - THESAGRO | |
| Cabeçalho tópico ou nome geográfico | SERRA DA MANTIQUEIRA |
| 650 ## - ASSUNTO - THESAGRO | |
| Cabeçalho tópico ou nome geográfico | TAXONOMIA |
| 773 0# - ENTRADA ANALÍTICA | |
| Host Biblionumber | 709 |
| Registro do item | 348179 |
| Imprenta | Rio de Janeiro-RJ Jardim Botanico do Rio de Janeiro 1935 |
| Outro identificador | 2025-0668 |
| Título | Rodriguésia (Brazil) |
| ISSN | 0370-6583; 2175-7860 on-line |
| Colação | v. 63(4) p. 785-793; (2012) |
| Número de controle de registro | BR2024002986 |
| 856 ## - ACESSO E ENDEREÇO ELETRÔNICO | |
| Identificador uniforme de recurso - URI | https://www.scielo.br/j/rod/a/RKv3SpZZrfRfXSXFPWdK33d/?format=pdf&lang=pt |
Nenhum exemplar disponível.

BINAGRI